Statistics for Category Elimination - Elements (Expert)

Click here to take the quiz!

General Stats

  • This quiz has been taken 2,488 times
  • The average score is 15 of 20

Answer Stats

Group#Category% Correct
Green50Main group elements
99%
Green13... that are not solid at room temperature
97%
Green6... and are not a noble gas
94%
Pink118Any element
91%
Blue104Elements solid at room temperature
91%
Blue12... that have been "discovered" before 1500AD
90%
Yellow68Elements not in the main groups
90%
Blue8... and are a metal (excluding metalloids)
90%
Blue4... within the top 5 of worldwide mining value
89%
Yellow25... with an atomic mass over 200u
84%
Green4... with an electronegativity higher than 3.00 (Pauling scale)
82%
Pink37... without a stable isotope
81%
Yellow12... named after a real person
80%
Pink11... and not named after a real place or person
74%
Yellow2... that was a woman
71%
Pink5... but named after a mythological figure
67%
Green1... and a two-letter symbolChlorine
50%
Blue1... but only one common oxidation stateAluminum
37%
Pink1... that is not Greek or RomanThorium
32%
Yellow1... and never won a Nobel prizeMeitnerium
22%

Score Distribution

Percentile by Number Answered

Percent of People with Each Score

Your Score History

You have not taken this quiz